000 00479nam a2200193Ia 4500
008 210210b2004 xxu||||| |||| 00| 0 eng d
041 _aeng
082 _a891.469 FERK
100 _aFERNANDIS (Pravin)
245 _aKonknent lana bhurgyanche sahit
260 _aManglur
_bKarnataka Konkani Sahitya Akademy.
_c2004
300 _a18
650 _asahit
650 _alana
650 _aKonknent
650 _abhurgyanche
690 _aKonkani Criticism
906 _a064040
999 _c139311
_d139311